كيف تكسب الأصدقاء / (رقم التسجيلة. 2936)

تفاصيل مارك
000 -LEADER
fixed length control field 00426nam a22001577a 4500
005 - DATE AND TIME OF LATEST TRANSACTION
control field 20251108164055.0
008 - FIXED-LENGTH DATA ELEMENTS--GENERAL INFORMATION
fixed length control field 250721s1998 xx 000 0 ara d
082 14 - DEWEY DECIMAL CLASSIFICATION NUMBER
Classification number 158.2/روا
100 1# - MAIN ENTRY--PERSONAL NAME
Personal name الرواجبة، عايدة
Relator term مؤلف
245 10 - TITLE STATEMENT
Title كيف تكسب الأصدقاء /
264 1# - PRODUCTION, PUBLICATION, DISTRIBUTION, MANUFACTURE, AND COPYRIGHT NOTICE
Place of production, publication, distribution, manufacture عمان :
Name of producer, publisher, distributor, manufacturer دار ميزرا،
Date of production, publication, distribution, manufacture, or copyright notice 1998.
300 ## - PHYSICAL DESCRIPTION
Extent 101ص.
650 17 - SUBJECT ADDED ENTRY--TOPICAL TERM
Topical term or geographic name as entry element الصداقة
942 ## - ADDED ENTRY ELEMENTS (KOHA)
Source of classification or shelving scheme Dewey Decimal Classification
Koha item type كتب
المقتنيات
حالة السحب حالة الفقدان مصدر التصنيف حالة التلف غير قابل للإعارة المكتبة الرئيسية المكتبة الحالية موقع الرف تاريخ التزويد الرقم المتسلسل Total Checkouts رقم الإستدعاء تاريخ آخر ظهور تاريخ الفاتورة نوع المادة (كوها) الباركود
    Dewey Decimal Classification Unchecked   مكتبة أبو علندا العامة مكتبة أبو علندا العامة الإعارة 06/07/2004 37   158.2/روا 28/07/2025 06/07/2004 كتب  
    Dewey Decimal Classification     مكتبة الأميرة ايمان العامة مكتبة الأميرة ايمان العامة الإعارة 11/11/2013 [11346]   158.2/روا 28/07/2025 11/11/2013 كتب PLD00285547
    Dewey Decimal Classification Unchecked   مكتبة الجويدة مكتبة الجويدة الإعارة 06/07/2004 6093   158.2/روا 28/07/2025 06/07/2004 كتب  
    Dewey Decimal Classification     مكتبة بدر للأطفال مكتبة بدر للأطفال الإعارة 25/08/2022 277502   158.2/روا 28/07/2025 25/08/2022 كتب PLD00500326
    Dewey Decimal Classification     مكتبة بدر للأطفال مكتبة بدر للأطفال الإعارة 29/08/2022 277502   158.2/روا 28/07/2025 29/08/2022 كتب PLD00500541
    Dewey Decimal Classification     مكتبة صويلح العامة مكتبة صويلح العامة الإعارة 12/07/2015 013017   158.2/روا 28/07/2025 12/07/2015 كتب PLD00337670
    Dewey Decimal Classification     مكتبة صويلح العامة مكتبة صويلح العامة الإعارة 15/07/2015 014280   158.2/روا 28/07/2025 15/07/2015 كتب PLD00337948
Implemented & Customized by: BBB with SCIT (Smart Chains for Information Technology)

Powered by Koha